| 000 | 00591nam a2200241 a 4500 | ||
|---|---|---|---|
| 001 | nice12345678 | ||
| 003 | IN_TiNIC | ||
| 005 | 20260116011610.0 | ||
| 008 | 050524s1966 edia grp 000 0 eng | ||
| 020 |
_a _c63 |
||
| 082 | 0 | 0 |
_a297.1 _bDAN |
| 100 | _aDaniel, Norman | ||
| 245 |
_aIslam and the West _b the Making of an Image. |
||
| 260 |
_aEdinburgh _bUniversity Press _c1966 |
||
| 300 | _a448p. | ||
| 500 | _aincludes index and biblioraphy | ||
| 505 | 2 | _aIll. | |
| 650 | _aIslam-Meccan Trade | ||
| 700 | 1 | _aDaniel, Norman | |
| 902 | _bSRS | ||
| 942 | _cBK | ||
| 999 |
_c2819 _d2819 |
||